Lilies

I tiakina i:
Ngā taipitopito rārangi puna kōrero
Kaituhi matua: Feldmaier, Carl (Author)
Hōputu: Pukapuka
Reo:Pāniora
I whakaputaina: Nueva York Arco 1970
Ngā marau:
Ngā Tūtohu: Tāpirihia he Tūtohu
Kāore He Tūtohu, Me noho koe te mea tuatahi ki te tūtohu i tēnei pūkete!

MARC

LEADER 00000nam a2200000 a 4500
001 UCQ3575
003 CL-VaPUC
008 980821e19700000US |||||||||||||||||spa|d
082 0 4 |a 635.965  |b FEL  |2 21 
100 0 |a Feldmaier, Carl  |e author  |9 417804 
245 1 0 |a Lilies 
300 |a 228 p 
942 |c BK 
945 |d 19980821 00:00:00  |a mvenant 
260 |a Nueva York  |b Arco  |c 1970 
650 7 |a LIRIOS  |2 CL-VaPUC  |9 325803 
650 0 |a Floricultura  |9 264401 
650 0 |a Cultivos  |9 264356 
650 0 |a Botánica  |9 264202 
650 0 |a Control de plagas  |9 327373 
650 0 |a Enfermedades de las plantas  |9 259687 
583 |a last modification  |c 19980821 00:00:00  |k Rodrigo Vera 
999 |c 274096  |d 274094